000 00685nam a2200205 a 4500
001 000033483
003 DO-SdBNP
005 20220822104858.0
007 ta
008 110830s1940 dr 000 0 spa d
040 _aDO-SdBNP
_bspa
_cBNPHU
082 _axxxx
_bA473c
100 _aAlvarez Sánchez, C. Virgilio
_958179
245 1 0 _aConferencia dictada en los salones del partido de la liberación dominicano, en la noche del día 23 de agosto del 1940. /
_cVirgilio Alvarez Sánchez.
260 _aCiudad Trujillo, :
_bPartido Dominicano,
_bListín Diario,
_c[1940].
300 _a22 p. ;
_c23 cm.
590 _aInventariado, 2022/ YL
910 _aYLockward
942 _2ddc
_cLF2
999 _c32974
_d32974